000
00276nam a22001217a 4500
008
180904b xxu||||| |||| 00| 0 eng d
041
_a
eng
080
_2
4 Ed
_a
617
100
_a
6
101
_a
ANE
245
_a
Physics Applied To Anaesthesia
_c
Hill.D.W
942
_2
udc
_c
BK
999
_c
47525
_d
47525